000 00570nam a22001577a 4500
999 _c181872
_d181872
005 20211007150244.0
010 _aEN230921
020 _a9789390679966
_c799.00
037 _bWestland Publications
100 _aVarma,Pavan K
245 _aThe great hindu civilization:
_cby Pavan K. Varma
_bachievement,neglect,blas,and the way forward /
260 _aChennai
_bWestland Publications
_c2021
270 _bChennai
_a1st Floor,A Block,East Wing,Plot No.40,SP Infocity,Dr MGR Salai,Perungudi,Kandanchavadi,
_e600096
300 _axi,403p.
_c24cm(Hb)
942 _2ddc
_cEN
_mVAR